Southville International School and Colleges
Your cart is empty.
  • Cart
  • Lists
    Public lists Eva Luna New books Lux_list list_1
    Your lists Log in to create your own lists
  • Log in to your account
  • Your cookies
  • Search history
Southville International School and Colleges
  • Advanced search
  • Recent comments
  • Most popular
  • Libraries

Log in to your account

Log in with GOOGLE


If you do not have an external account, but do have a local account, you can still log in:

  1. Home
  2. MARC view: Physics :
Normal view MARC view ISBD view

Physics : (Record no. 288650)

[ view plain ]
MARC details
000 -LEADER
fixed length control field 01106cam a2200325 i 4500
001 - CONTROL NUMBER
control field 18065514
003 - CONTROL NUMBER IDENTIFIER
control field PILC
005 - DATE AND TIME OF LATEST TRANSACTION
control field 20150908150530.0
008 - FIXED-LENGTH DATA ELEMENTS--GENERAL INFORMATION
fixed length control field 140312s2014 maua 001 0 eng
010 ## - LIBRARY OF CONGRESS CONTROL NUMBER
LC control number 2013372072
020 ## - INTERNATIONAL STANDARD BOOK NUMBER
International Standard Book Number 9780321625922 (hbk)
020 ## - INTERNATIONAL STANDARD BOOK NUMBER
International Standard Book Number 0321625927 (hbk)
020 ## - INTERNATIONAL STANDARD BOOK NUMBER
International Standard Book Number 9780321869111 (hbk : Books a la carte edition)
020 ## - INTERNATIONAL STANDARD BOOK NUMBER
International Standard Book Number 0321869117 (hbk : Books a la carte edition)
020 ## - INTERNATIONAL STANDARD BOOK NUMBER
International Standard Book Number 9780321767912 (hbk : Instructor review copy)
020 ## - INTERNATIONAL STANDARD BOOK NUMBER
International Standard Book Number 0321767918 (hbk : Instructor review copy)
040 ## - CATALOGING SOURCE
Original cataloging agency DLC
Language of cataloging eng
Description conventions rda
Transcribing agency DLC
042 ## - AUTHENTICATION CODE
Authentication code pcc
050 00 - LIBRARY OF CONGRESS CALL NUMBER
Classification number QC 23
Item number .G399 2014
100 1# - MAIN ENTRY--PERSONAL NAME
Personal name Giancoli, Douglas C.
245 10 - TITLE STATEMENT
Title Physics :
Remainder of title principles with applications /
Statement of responsibility, etc Douglas C. Giancoli.
250 ## - EDITION STATEMENT
Edition statement 7th edition.
260 ## - PUBLICATION, DISTRIBUTION, ETC. (IMPRINT)
Place of publication, distribution, etc Boston :
Name of publisher, distributor, etc Pearson,
Date of publication, distribution, etc 2014.
300 ## - PHYSICAL DESCRIPTION
Extent xix, 983, 71 pages :
Other physical details illustrations (chiefly color) ;
Dimensions 29 cm.
500 ## - GENERAL NOTE
General note Includes index.
650 #0 - SUBJECT ADDED ENTRY--TOPICAL TERM
Topical term or geographic name as entry element Physics.
906 ## - LOCAL DATA ELEMENT F, LDF (RLIN)
a 7
b cbc
c orignew
d 2
e ncip
f 20
g y-gencatlg
942 ## - ADDED ENTRY ELEMENTS (KOHA)
Source of classification or shelving scheme Library of Congress Classification
Koha item type Books
Call number prefix Foreign
Holdings
Withdrawn status Lost status Source of classification or shelving scheme Damaged status Home library Current library Shelving location Date acquired Source of acquisition Sub Shelving location Total Checkouts Total Renewals Full call number Barcode Date last seen Date checked out Price effective from Koha item type
    Library of Congress Classification   College Library College Library Reserve Section 09/08/2015 Donation   1 20 QC 23 .G399 2014 C19978 05/15/2018 11/09/2015 09/08/2015 Books

Physics :

APA

Giancoli D. C., . (2014). Physics. Boston: Pearson.

Chicago

Giancoli Douglas C, . 2014. Physics. Boston: Pearson.

Harvard

Giancoli D. C., . (2014). Physics. Boston: Pearson.

MLA

Giancoli Douglas C, . Physics. Boston: Pearson. 2014.

  • Place hold
  • Print
  • Cite
  • Add to your cart (remove)
  • Save record
    BIBTEX Dublin Core MARCXML MARC (non-Unicode/MARC-8) MARC (Unicode/UTF-8) MARC (Unicode/UTF-8, Standard) MODS (XML) RIS
  • More searches
    Search for this title in:
    Other Libraries (WorldCat) Other Databases (Google Scholar) Online Stores (Bookfinder.com) Open Library (openlibrary.org)

Exporting to Dublin Core...

SOUTHVILLE LIBRARY

Southville International School and Colleges Library

1281 Tropical Ave. Cor. Luxembourg St., BF Homes International, Las Pinas City

Tel. No. 8256374 / 252358 Loc. 117/146

Powered by Koha